skbl

Dr Suryya Kumar Bhuyan Library Web-OPAC
ডঃ সূৰ্য্য
কুমাৰ ভূঞা পুথিভঁৰাল ৱেব-অ'পেক

All Research Scholars are advised to clear the annual library fees to continue using Library Resources, Remote Access, Plagiarism Test and Library Clearance.

Cotton University Book Fair 2026

Goalpariya Lokagit Sangraha (Record no. 55207)

MARC details
000 -LEADER
fixed length control field 00556nam a2200205Ia 4500
001 - CONTROL NUMBER
control field 55274
008 - FIXED-LENGTH DATA ELEMENTS--GENERAL INFORMATION
fixed length control field 120910n ii |||gr||||Z||||||465
020 ## - INTERNATIONAL STANDARD BOOK NUMBER
International Standard Book Number 9788192058726
082 ## - DEWEY DECIMAL CLASSIFICATION NUMBER
Classification number 891.41108
245 #0 - TITLE STATEMENT
Title Goalpariya Lokagit Sangraha
Statement of responsibility, etc. Birendranath Dutta
Medium Textual Documents
250 ## - EDITION STATEMENT
Edition statement 2nd rev edn--2010.
260 ## - PUBLICATION, DISTRIBUTION, ETC.
Place of publication, distribution, etc. Panbazar Ghy:
Name of publisher, distributor, etc. Orunoodoi Prakashan.
300 ## - PHYSICAL DESCRIPTION
Extent 345pg:
Dimensions 23cm.
653 ## - INDEX TERM--UNCONTROLLED
Uncontrolled term Assamese
653 ## - INDEX TERM--UNCONTROLLED
Uncontrolled term Goalpariya Lokagit
653 ## - INDEX TERM--UNCONTROLLED
Uncontrolled term MS-Assamese
653 ## - INDEX TERM--UNCONTROLLED
Uncontrolled term G-Assamese
700 ## - ADDED ENTRY--PERSONAL NAME
Personal name Dutta,Birendranath .
942 ## - ADDED ENTRY ELEMENTS (KOHA)
Source of classification or shelving scheme Dewey Decimal Classification
Koha item type Books
Holdings
Withdrawn status Lost status Damaged status Not for loan Collection Home library Current library Shelving location Date acquired Coded location qualifier Cost, normal purchase price Total checkouts Full call number Barcode Date last seen Copy number Price effective from Koha item type Source of acquisition Total renewals Date last checked out Public note
          Dr. Suryya Kumar Bhuyan Library Dr. Suryya Kumar Bhuyan Library   10/09/2012 00000 150.00   891.41108 Du 954 Go 5844/As 14/01/2024 1 10/09/2012 Books        
          Dr. Suryya Kumar Bhuyan Library Dr. Suryya Kumar Bhuyan Library   10/09/2012 00000 150.00 1 891.41108 Du 954 Go 5843/As 29/04/2025 2 10/09/2012 Books AS 2 13/03/2025 AS

Designed and Maintained by Team SKBL
©1901-2026

Powered by Koha